44 Años de elecciones democráticas en la República Dominicana 1962-2006 / (Registro nro. 7130)

Detalles MARC
000 -LIDER
fixed length control field 01081nam a2200277 a 4500
001 - NÚMERO DE CONTROL
Identificador de número de control 000020898
003 - IDENTIFICACDOR DE NÚMERO DE CONTROL
control field 000020898
005 - DATE AND TIME OF LATEST TRANSACTION
control field 20180320094245.0
008 - ELEMENTOS DE LONGITUD FIJA
fixed length control field 100823s2007 dr ac 001 0 spa d
040 ## - FUENTE DE CATALOGACIÓN
Agencia que crea de manera original el registro BPMSU
Idioma de catalogación spa
Agencia que realiza la transcripción BPMSU
082 04 - NÚMERO DE CLASIFICACIÓN DECIMAL DE DEWEY
Classification number 324.63
Item number B585a
100 1# - ASIENTO PRINCIPAL -- NOMBRE PERSONAL
Nombre personal Bidó, Angel María
245 10 - MENCIÓN DE TITULO
Título 44 Años de elecciones democráticas en la República Dominicana 1962-2006 /
Mención de responsabilidad Angel María Bidó ; Prólogo José A. Silié Gatón.
246 13 - VARIACION DEL TÍTULO
Título propiamente dicho o título corto Cuarenta y cuatro años de elecciones democráticas en la República Dominicana 1962-2006
260 ## - PUBLICACIÓN, DISTRIBUCIÓN, ETC. (PIE DE IMPRENTA)
Lugar de publicación, distribución, etc Santo Domingo :
Nombre del editor, distribuidor, etc. Vargas,
Fecha de publicación, distribución, etc 2007.
300 ## - DESCRIPCIÓN FÍSICA
Extensión 206 p. :
Otros detalles físicos il., retrs.
Dimensiones 22 cm.
500 ## - NOTA GENERAL
Nota general Incluye datos biográficos del autor en la contracubierta
650 #4 - ENCABEZAMIENTO DE MATERIA--TEMÁTICO
Término temático o nombre geográfico como elemento de entrada ELECCIONES
Subdivisión geográfica REPÚBLICA DOMINICANA
Subdivisión cronológica 1962-2006
650 #4 - ENCABEZAMIENTO DE MATERIA--TEMÁTICO
Término temático o nombre geográfico como elemento de entrada TÁCTICAS POLÍTICAS
Subdivisión geográfica REPÚBLICA DOMINICANA
650 #4 - ENCABEZAMIENTO DE MATERIA--TEMÁTICO
Término temático o nombre geográfico como elemento de entrada SUFRAGIO
Subdivisión geográfica REPÚBLICA DOMINICANA
700 12 - ASIENTO SECUNDARIO -- NOMBRE PERSONAL
Nombre personal Silié Gatón, José A.
910 ## - VALIDACIÓN
Validación Validado. Control de calidad MFF
942 ## - ADDED ENTRY ELEMENTS (KOHA)
Source of classification or shelving scheme Dewey Decimal Classification
Koha item type Libros
945 ## - INFORMACIÓN DE PROCESAMIENTO LOCAL
Información de procesamiento local Remanejado para la BNPHU / VM
956 ## - LOCAL ELECTRONIC LOCATION AND ACCESS (OCLC)
Nombre de host VMATEO
Número de acceso 10
Información de compresión 20150914
Inicio de sesión BPMSU
Procesador de solicitud 0069
Existencias
Withdrawn status Lost status Source of classification or shelving scheme Damaged status Not for loan Collection code Home library Current library Date acquired Total Checkouts Full call number Barcode Date last seen Price effective from Koha item type
    Dewey Decimal Classification     Colección Dominicana Biblioteca Pública Metropolitana Salomé Ureña Biblioteca Pública Metropolitana Salomé Ureña 07/14/2014   324.63 M332c BPMSU15040525 07/14/2014 07/14/2014 Libros